00677nam a22002297a 450000500170000001000130001702000100003003500130004003700160005304000120006908200130008110000160009424500930011026000440020327000550024730000280030250000390033065000220036965000200039170000210041170000150043220170124110053.0 aA-998325 c00.00 aA-998325 bCen Lib/Ret aDPLbEN a651bRED aReddy, P.N. aOffice organisation and management /cby P. N. Reddy ; H. R. Appanniah [and] S. Ramesh aMumbaibHimalaya Publishing Housec2000 aRamdoot, Dr. Bhalerao Marg GirgaonbMumbaie400004 a419p. :b20cm(Hb)cill. aIncludes bibliographical reference aOffice management aOffice practice aAppanniah, H.R.  aRamesh, S.